[Event "Tilburg"]
[Site "Tilburg"]
[Date "1993.??.??"]
[Round "1"]
[White "Van Wely, Loek"]
[Black "Geller, Efim P"]
[Result "1-0"]
[WhiteElo "2585"]
[BlackElo "2505"]
[Annotator "Donev,I"]
[PlyCount "91"]
[EventDate "1993.11.??"]
[EventType "k.o."]
[EventRounds "7"]
[EventCountry "NED"]
[SourceTitle "CBM 039"]
[Source "ChessBase"]
[SourceDate "1994.04.01"]
[SourceVersion "1"]
[SourceVersionDate "1994.04.01"]
[SourceQuality "1"]

1. d4 {Ftacnik} d5 2. c4 e6 3. Nc3 Be7 4. Nf3 Nf6 5. Bg5 h6 6. Bxf6 Bxf6 7. e3
O-O 8. Qc2 c5 9. dxc5 Qa5 10. cxd5 exd5 11. O-O-O Be6 (11... Bxc3 {Ftacnik} 12.
Qxc3 Qxa2 (12... Qxc3+ 13. bxc3 Be6 14. Nd4 Rc8 15. c4 (15. e4 Rxc5 16. exd5
Bg4 (16... Bd7 17. c4 Na6 18. Kb2 Rb8 (18... Re8 19. Be2 Rcc8 20. Rhe1 Nc5 21.
Bf1 Rxe1 22. Rxe1 Na4+ 23. Ka3 Nb6 24. Kb4 {Yusupov,A-Inkiov,V/Sofia 38/564/
1984/1-0 (44)}) 19. Bd3 b5 20. cxb5 Rxd5 21. Nb3 Nb4 22. Bc4 Rxd1 23. Rxd1 Bxb5
24. Bxb5 {Reeh-Lengyel/Baden-Baden op (6)/1987/0.5 (40)}) 17. f3 Bd7 18. c4 Ba4
19. Nb3 Rc8 20. Kb2 Nd7 21. Be2 Rc7 22. Rc1 Re8 23. Rhe1 Nb6 24. d6 {
Skovlund_Larsen,S-Brinck-Claussen,B/Kobenhavn op (8)/1988/1-0 (32)}) 15... Nd7
16. e4 Nxc5 17. exd5 Bd7 18. f3 b6 19. Kd2 Nb7 20. Bd3 Rc5 21. Nb3 Rc7 22. Rc1
Rac8 23. Rc2 Kf8 24. Rhc1 {Kishnev-Iljinskij/Barnaul otbor/1984/1-0 (41)}) 13.
Nd4 Nc6 14. Bb5 Nxd4 15. exd4 a6 16. Bd3 Qa1+ 17. Bb1 Bf5 18. Kd2 Bxb1 19. Qb4
Qa2 20. Rxb1 b6 21. cxb6 Qc4 22. Qxc4 dxc4 23. Rhc1 Rfb8 24. b3 $16 {Izeta,
F-Rodriguez Talavera,J/Sevilla op (9)/1993/0.5 (58)}) 12. Nxd5 Rc8 (12... Bxd5
13. Rxd5 Qxa2 14. Bc4 $6 Bxb2+ (14... Qa1+ {Ftacnik} 15. Qb1 Qa4 16. Qa2 Qe8
17. Rhd1 Nc6 18. Rd7 b6 19. Rc7 bxc5 20. Bb5 Nb4 21. Qc4 Qb8 22. Rdd7 Qb6 23.
Rxf7 Rxf7 24. Qxf7+ $16 {Sturua,Z-Klovan,Y/USSR 37/494/1984/1-0 (36)}) 15. Kd2
(15. Kd1 Qa1+ 16. Ke2 Qxh1 17. Qxb2 Qxg2 18. Qxb7 $18 {Zaid,L-Godyn/USSR/1984/}
) 15... Qa3 $15 {Ionescu,M-Dumitrache,D CREM R(4) 1992}) 13. Kb1 (13. Nxf6+
gxf6 $17) 13... Rxc5 $6 $146 (13... Bxd5 $142 14. Rxd5 Nc6 $10 15. Bc4) 14. b4
$1 Rxc2 $8 15. Nxf6+ $1 (15. bxa5 $2 Rb2+ 16. Kc1 Bxd5 17. Rxd5 Nc6 $10) 15...
gxf6 16. bxa5 Rxf2 (16... Bf5 17. Bd3 Bxd3 18. Rxd3 Rc8 19. Rhd1 $16) (16...
Rc8 {Ftacnik} 17. Nd4 $16) 17. Rd8+ $16 Kg7 18. Nd4 Bxa2+ 19. Ka1 f5 (19... Be6
20. Bd3 Ra2+ 21. Kb1 Rxa5 22. Nxe6+ fxe6 23. Rc1 f5 24. Rc7+ Kf6 25. Rxb7 $18 {
פb8}) 20. Bd3 (20. Be2 $5 {/\Bf3}) 20... f4 (20... Be6 {Ftacnik} 21. Nxe6+
fxe6 22. Rc1 $18) 21. exf4 Nc6 22. Nxc6 (22. Nf5+ $1 Kf6 23. Rxa8 Nb4 (23...
Nxa5 {/\Nb3} 24. Nd4 Rd2 25. Rxa7 $18) 24. Nxh6 Nxd3 25. Ng4+ $18) 22... Rxd8
23. Nxd8 Bd5 24. Rd1 (24. a6 $1 {Ftacnik} bxa6 25. Rd1 $18) (24. Re1 $5 Rxg2
25. Re2 Rxe2 26. Bxe2 Kf6 $132) 24... Ra2+ 25. Kb1 Rxa5 26. Rc1 Ra3 27. Bc4 $16
Bxc4 28. Rxc4 Rd3 29. Rc8 a5 30. Kc2 Rd7 31. Kb3 b5 32. Nc6 Rd2 33. g3 a4+ 34.
Kb4 Rb2+ 35. Kc5 a3 36. Ra8 (36. Nb4 $5) 36... a2 37. Nb4 Rxh2 38. Rxa2 Rxa2
39. Nxa2 $18 Kf6 40. Nc3 Kf5 41. Nxb5 Kg4 42. Kd4 Kxg3 43. Ke3 f6 (43... h5 44.
Nd6 h4 45. Nxf7 h3 46. Ng5 h2 47. Ne4+ Kg2 48. Nf2 $18) 44. Nd6 Kg4 45. Ne4 f5
46. Nf6+ {46...Kg347.Ng8 h5 48.Nh6+-} 1-0

[Event "RUS-Cup03 Geller Memorial"]
[Site "Moscow"]
[Date "1999.02.14"]
[Round "5"]
[White "Kulikov, Aleksandr"]
[Black "Landa, Konstantin"]
[Result "1/2-1/2"]
[WhiteElo "2405"]
[BlackElo "2542"]
[Annotator "Donev,I"]
[PlyCount "90"]
[EventDate "1999.02.10"]
[EventType "swiss"]
[EventRounds "9"]
[EventCountry "RUS"]
[SourceTitle "CBM 070"]
[Source "ChessBase"]
[SourceDate "1999.06.08"]
[SourceVersion "1"]
[SourceVersionDate "1999.06.08"]
[SourceQuality "1"]

1. d4 d5 2. c4 e6 3. Nc3 Be7 4. Nf3 Nf6 5. Bg5 h6 6. Bxf6 Bxf6 7. e3 O-O 8. Qc2
c5 9. dxc5 Qa5 10. cxd5 exd5 11. Be2 Qxc5 12. O-O Nc6 13. Rac1 Be6 (13... Qa5
14. Rfd1 Be6 15. a3 Rac8 16. Qb1 a6 17. Bd3 Rfd8 18. Bf5 Bxf5 19. Qxf5 Ne7 20.
Qd3 Bxc3 21. Rxc3 Rxc3 22. Qxc3 Qxc3 23. bxc3 Rc8 {1/2-1/2 O'Kelly de Galway,
A-De Greiff,B/Havana 1963/MCD (23)}) 14. Ne4 $1 {Die Idee diese Zug ist
einfach den starken schwarzfarbigen Läufer zu vernichten, nachdem die Schwäche
des isolierten d5 Damenbauer spürbarer wird.} Qe7 15. Nxf6+ Qxf6 16. Rfd1 $14 {
Weiß muß mit der Eröffnung zufrieden sein. Seine Figuren sind harmonisch im
Zentrum entwickelt, außerdem hat der Nachziehende einen isolierten Bauern im
Zentrum, der im Endspiel eine Schwäche werden kann.} Rac8 17. Qd2 (17. Qc3 d4 (
17... Qe7 18. a3 Rfd8 19. Qd2 Bg4 20. h3 Bh5 21. b4 d4 22. exd4 Bxf3 23. Bxf3
Nxd4 24. Qf4 Rxc1 25. Rxc1 g5 26. Qg3 Rd6 27. Bh5 Rc6 {1/2-1/2 Schneider
Zinner,H-Baumegger,S/Graz 1998/CBM 63 ext (27)}) 18. exd4 Rfd8 19. d5 Qxc3 20.
Rxc3 Rxd5 21. Rxd5 Bxd5 22. a3 {1/2-1/2 Foltys,J-Katetov,M/Prague 1943/HCL (22)
}) (17. Qb1 $5 {Einerseits geht die Dame weg von der c-Linie, andererseits
deckt sie den Bauern a2 und vermeidet so den Befreiungvorstoß d5-d4.}) 17... d4
$1 18. Nxd4 Nxd4 19. exd4 (19. Qxd4 Qxd4 20. exd4 Bxa2 21. Bf3 $14) 19... Bxa2
{Schwarz hat praktisch seinen isolierten d5-Bauern für den weißen a2- Bauern
getauscht. Jetzt hat er weniger Sorgen, da er sogar im Endspiel einen
entfernten Freibauern bekommen könnte.} 20. Bf3 Qb6 21. b4 Bb3 22. Re1 Rxc1 23.
Rxc1 Rd8 24. d5 Ba4 25. h3 a6 26. Qf4 Qf6 27. Qxf6 gxf6 28. Rc7 Rd7 29. Rc8+
Kg7 30. Kh2 Bb3 31. Rc3 Ba2 (31... Bxd5 32. Rd3 Bc6 33. Rxd7 Bxd7 34. Bxb7 Bb5
35. Kg3 $16) 32. Kg3 f5 33. Kf4 Kf6 34. Rc2 (34. Rd3 $5) 34... Bxd5 35. Rd2 Ke6
{Schwarz ist praktisch gezwungen den Läufer zu decken, weil jeder Läuferabzug
zum Turmtausch führt, wodurch am Brett ein verlorenes Läufer endspiel
entstehen würde.} (35... Bc6 $6 {Falls der Nachziehende die Türme abtauscht ,
wird er in einen verlorenen Läuferendspiel landen. Der Grund dafür ist die
schlechte schwarze Bauernstruktur - außer den schwachen Doppelbauern auf der
f-Linie sind die Bauern f5 und a6 auf den weißen Feldern ein Angriffsziel für
den weißen Läufer. Zusätzlich hat der Anziehende einige Reservetempi mit
Bauern am Königsflügel.} 36. Rxd7 Bxd7 37. Bxb7 Bb5 38. g3 Bf1 39. h4 Bc4 40.
Bc8 Bd3 41. h5 $1 $18 {Schwarz ist im Zugzwang.}) 36. Re2+ Kf6 37. Rd2 Ke6 38.
Re2+ Kd6 39. Bxd5 (39. Rd2 $11 {Führt zur Zugwiederholung.}) 39... Kxd5 40.
Kxf5 Kc4 41. Re4+ Kb3 42. g4 Rd3 43. h4 Rh3 44. Re7 b5 (44... Rf3+ 45. Ke4 Rxf2
46. Rxb7 $14) (44... Kxb4 45. Rxb7+ Kc4 46. Rxf7 Rxh4 47. Ra7 Kb5 48. f4 $14)
45. Ra7 Kxb4 1/2-1/2

[Event "Elgoibar 07th"]
[Site "Elgoibar"]
[Date "1997.12.03"]
[Round "8"]
[White "Izeta Txabarri, Felix"]
[Black "Gomez Esteban, Juan Mario"]
[Result "1-0"]
[WhiteElo "2525"]
[BlackElo "2490"]
[Annotator "Donev,I"]
[PlyCount "85"]
[EventDate "1997.11.26"]
[EventType "tourn"]
[EventRounds "9"]
[EventCountry "ESP"]
[EventCategory "10"]
[SourceTitle "CBM 063"]
[Source "ChessBase"]
[SourceDate "1998.03.26"]
[SourceVersion "1"]
[SourceVersionDate "1998.03.26"]
[SourceQuality "1"]

1. d4 Nf6 2. Nf3 e6 3. c4 d5 4. Nc3 Be7 5. Bg5 O-O 6. e3 h6 7. Bxf6 Bxf6 8. Qc2
c5 9. dxc5 dxc4 ({Ein unbekantes Beispiel aus meine Praxis:} 9... Nc6 10. a3
Qa5 11. O-O-O dxc4 12. Ne4 b5 13. cxb6 Be7 14. Bxc4 Qxb6 15. g4 Bb7 16. g5 Rac8
17. Rhg1 Na5 18. Nf6+ Bxf6 19. gxf6 Be4 $3 $19 20. Rxg7+ Kh8 21. Rd4 (21. Qxe4
Rxc4+ 22. Qxc4 Nxc4 $19) 21... Qxd4 22. Nxd4 Bxc2 23. Ba6 Nb3+ 24. Nxb3 Bxb3+
25. Bxc8 Rxc8+ 26. Kd2 e5 27. Kd3 Bc2+ 28. Ke2 Bg6 $1 29. f4 exf4 30. exf4 Rc6
31. f5 Rxf6 {0-1 Tsvetkov,Ilia -Donev,Ivo/Sofia Student ch-finale 1985}) 10.
Bxc4 Nd7 11. c6 Ne5 (11... bxc6 12. Ne4) 12. Nxe5 (12. cxb7 Nxf3+ 13. gxf3 Bxb7
$132 {Als Kompensation für den Bauernnachteil hat der Nachziehende zwei starke
Läufer und eine bessere Bauernstruktur am Königsflügel.}) 12... Bxe5 13. Be2
bxc6 (13... Qc7 $5 14. f4 Bf6 15. Ne4 Be7 16. O-O bxc6 17. Rac1 $14) 14. O-O
Qa5 (14... Rb8 15. Na4 Rb4 16. Rac1 (16. a3 $5 $14) 16... Bxh2+ 17. Kxh2 Qh4+
$11 {[%cal Yh4h2,Yh4b4,Yb4a4]}) 15. Rac1 Rd8 16. Rfd1 Bd7 17. Na4 Be8 18. b3
Rxd1+ 19. Rxd1 Rd8 20. Rxd8 Qxd8 $14 {Trotz der Vereinfachung steht Weiß wegen
den schwachen schwarzen Einzelbauern am Damenflügel besser. Außerdem sind die
Felder vor dem c - Bauern auch schwach. Diese Felder sind für die weißen
Leichtfiguren ausgezeichnete Stürzpunkte.} 21. g3 Qa5 22. a3 Bd6 23. b4 Qe5 24.
Nb2 Be7 25. Qc1 Qd5 26. Bc4 Qe4 27. Bf1 Qf5 28. Qc3 c5 29. b5 Qb1 30. a4 $3 {
Auf den ersten Blick verliert Weiß seinen Springer.} Bf6 31. Qxc5 Qxb2 32. Qxa7
{Weiß hat eine glatte Figur für zwei Bauern geopfert. Aber was für Bauern!} g6
33. Qa8 Kf8 34. a5 Bc3 35. a6 Qa1 $2 (35... Be1 $142 $5 {[%cal Yb2f2,Ye1f2]}
36. Qf3 Qa2 {Vermeidet a6-a7.} 37. b6 Bc6 $1 {Wegen Matt in zwei Zügen darf
die Dame nicht den lästigen Läufer c6 schlagen.} 38. Qe2 Qxe2 39. Bxe2 Ba5 $11)
36. b6 $18 Ke7 37. Qb7+ Kf6 38. a7 Bb5 39. Qg2 Bxf1 40. Qxf1 Qa5 41. Qd1 $1 {
[%cal Yd1f3,Yd1d8] Die Vorstellung ist beendet! Die Hauptakteure - die weiße
a+b Freibauern - haben die Rollen ausgezeichnet gespielt.} Ke7 42. Qf3 Qxb6 43.
a8=Q 1-0

[Event "Alushta"]
[Site "Alushta"]
[Date "1999.03.12"]
[Round "10"]
[White "Zubov, Alexander"]
[Black "Korotylev, Alexey"]
[Result "1/2-1/2"]
[WhiteElo "2502"]
[BlackElo "2440"]
[Annotator "Donev,I"]
[PlyCount "41"]
[EventDate "1999.03.03"]
[EventType "tourn"]
[EventRounds "11"]
[EventCountry "UKR"]
[EventCategory "10"]
[SourceTitle "CBM 070"]
[Source "ChessBase"]
[SourceDate "1999.06.08"]
[SourceVersion "1"]
[SourceVersionDate "1999.06.08"]
[SourceQuality "1"]

1. c4 e6 2. Nc3 d5 3. d4 Nf6 4. Bg5 Be7 5. Nf3 O-O 6. e3 h6 7. Bxf6 Bxf6 8. Rc1
c6 9. Bd3 Nd7 10. O-O dxc4 11. Bxc4 e5 12. h3 exd4 13. exd4 Nb6 14. Bb3 {
Diese Stellung würde von vielen Großmeistern erforscht. Der Anziehende hat
seine Kräfte ausgezeichnet entwickelt und ist bereit, im Zentrum aktiv zu
wirken, aber auch die schwarzen Läufern kontrollieren viele wichtige Felder.
Es bereitet sich  ein spannender Kampf mit beiderseitigen Chancen vor.} Bf5 15.
Re1 {Bis jetzt sind alle Züge logisch und einfach zu verstehen. Ich habe diese
,,Remisvariante", einige Male in meiner Turnierpraxis gehabt und festgestellt,
dass vom Remisende sowohl für Weiß, als auch für Schwarz schwer abzuweichen
ist.} Re8 ({Beachtung verdient auch folgende Fortsetzung:} 15... a5 16. a3 Re8
17. Rxe8+ Qxe8 18. Qd2 Qd7 19. Re1 Re8 20. Rxe8+ Qxe8 21. Qf4 Be6 22. Bxe6 Qxe6
23. Qc7 Nc4 24. Qxb7 Bxd4 $1 25. Nxd4 (25. Qb8+ Kh7 26. Nxd4 Qe1+ 27. Kh2 Qxf2
28. Qc8 Ne3 29. Qxc6 Qf4+ 30. Kg1 Qf1+ 31. Kh2 Qf4+ 32. Kg1 Qf1+ 33. Kh2 Qf4+ {
1/2-1/2 Macijewski,M-Donev,I/Wroclaw 1987 (33)}) 25... Qe1+ 26. Kh2 Qe5+ 27. g3
Qxd4 28. Kg2 {1/2-1/2 Molov,E-Donev,I/Sofia 1987 (79)}) 16. Rxe8+ Qxe8 17. Qd2
Qd7 18. Qf4 Re8 (18... g5 19. Qg3 Rd8 20. Ne5 Bxe5 21. Qxe5 Bg6 22. Qa5 Nc8 23.
d5 b6 24. Qa6 c5 25. Re1 Nd6 26. Ba4 b5 27. Nxb5 Nxb5 28. Bxb5 Qxd5 29. Bc4 Qd6
30. Qxa7 Qd2 31. Qe7 Rd4 32. b3 h5 33. Qe3 Qa5 34. Qe8+ Kg7 35. a4 g4 36. h4 {
1-0 Murugan,K-Pavanasam,A/IND-ch 1988/EXT 97 (36)}) 19. Ne5 (19. Rd1 Be6 20.
Ne4 Qd8 (20... Be7 21. Ne5 Qc8 $11) 21. Re1 Bxb3 22. Nxf6+ gxf6 23. Rxe8+ Qxe8
24. axb3 Nd5 25. Qxh6 Qe4 26. Qd2 Kg7 27. Ne1 Nf4 28. Kf1 Ne6 29. Nc2 Nf4 30.
f3 Qf5 31. Kg1 Qg5 32. Kf1 Qb5+ 33. Kg1 Qg5 34. Kh2 Nxh3 35. Qxg5+ Nxg5 36. Ne3
Ne6 37. Nf5+ Kf8 38. Kg3 b6 39. f4 Ke8 40. Kf3 Kd7 41. Ke4 Nc7 42. Nh6 Ke8 43.
Ng8 Nd5 44. Kf5 Ne3+ 45. Kxf6 Nxg2 46. f5 Ne3 47. Ne7 Ng4+ 48. Kg5 Kxe7 49.
Kxg4 c5 50. dxc5 bxc5 51. Kg5 a6 52. Kf4 f6 53. Kf3 Kd6 54. Ke4 Kc6 55. b4 cxb4
56. Kd4 a5 57. Kc4 Kb6 58. b3 Kc6 59. Kd4 Kb7 60. Kc5 Ka6 61. Kc4 Kb6 62. Kd4
a4 {0-1 Lalev,D-Donev,I/Ruse 1984/EXT 98 (62)}) 19... Bxe5 (19... Bg5 $5 20.
Qxg5 $1 hxg5 (20... Rxe5 21. Qg3 Re8 (21... Qxd4 22. Rd1 Qc5 23. Rd8+ Kh7 24.
Bxf7)) 21. Nxd7 Nxd7 $11) (19... Rxe5 $2 20. dxe5 Bg5 21. e6 $1 Bxe6 22. Qb8+
$16) 20. dxe5 Be6 21. Rd1 1/2-1/2

[Event "FRA-ch Final"]
[Site "Besancon"]
[Date "1999.08.25"]
[Round "1.2"]
[White "Bacrot, Etienne"]
[Black "Marciano, David"]
[Result "1-0"]
[WhiteElo "2592"]
[BlackElo "2529"]
[Annotator "Donev,I"]
[PlyCount "91"]
[EventDate "1999.08.23"]
[EventType "match"]
[EventRounds "2"]
[EventCountry "FRA"]
[SourceTitle "CBM 073"]
[Source "ChessBase"]
[SourceDate "1999.12.01"]
[SourceVersion "1"]
[SourceVersionDate "1999.12.01"]
[SourceQuality "1"]

1. d4 Nf6 2. c4 e6 3. Nf3 d5 4. Nc3 Be7 5. Bg5 O-O 6. e3 h6 7. Bxf6 Bxf6 8. Rc1
c6 9. Bd3 Nd7 10. O-O dxc4 11. Bxc4 e5 12. h3 {Diese Variante wurde mehrmals
in WM-Partien zwischen Kasparov und Karpov ausprobiert und endete meistens mit
Remis.} exd4 13. exd4 Nb6 14. Bb3 Bf5 15. Re1 Re8 {Beide Seiten haben ihre
Figuren harmonisch im Zentrum entwickelt. Weiß hat einen isolierten
Zentralbauern, aber vorläufig besitzt er eine leichte Initiative. Trotzdem
kann der Nachziehende mit genauen Zügen Ausgleich erreichen.} ({Ein
unbekanntes interessantes Beispiel aus der eigenen Praxis, welches
theoretischen Wert hat:} 15... a5 16. a3 Re8 17. Rxe8+ Qxe8 18. Qd2 Qd7 19. Re1
Re8 20. Rxe8+ Qxe8 21. Qf4 Be6 22. Bxe6 Qxe6 23. Qc7 Nc4 24. Qxb7 Bxd4 $1 {
Jetzt endet die Partie forciert mit Remis.} 25. Qb8+ Kh7 26. Nxd4 Qe1+ 27. Kh2
Qxf2 28. Qc8 Ne3 29. Qxc6 Qf4+ 30. Kg1 Qf1+ 31. Kh2 Qf4+ 32. Kg1 Qf1+ 33. Kh2
Qf4+ {1/2-1/2 Maciejewski,M-Donev,I/Wrozlaw 1987 (33)}) 16. Rxe8+ Qxe8 17. Qd2
{Bereitet gleichzeitig Qf4 und den Zug Re1 vor.} Qd7 18. Re1 (18. Qf4 Re8 19.
Rd1 Be6 20. Ne4 {0-1 Lalev,D-Donev,I/Ruse 1984 (62)} Be7 $11) 18... a5 19. Ne4
(19. Qf4 g5 20. Ne4 gxf4 21. Nxf6+ Kf8 22. Nxd7+ Nxd7 23. Ne5 Re8 24. Nxd7+
Bxd7 25. Rxe8+ Kxe8 26. Kf1 Bf5 27. Ke2 Be4 28. g3 fxg3 29. fxg3 Ke7 30. Ke3
Bf5 31. h4 Bd7 32. Kf4 b6 33. d5 cxd5 34. Ke5 Be6 35. Bxd5 f6+ 36. Kd4 Bd7 37.
a3 {1/2-1/2 Farago,I-Pigusov,E/Dordrecht 1988/CBM 07 (37)}) 19... Bxe4 20. Rxe4
a4 21. Bc2 a3 $146 {[%mdl 8] Eine Neuerung am Ende des Mittelspiels! Die
Eröffnungstheorie hat sich in den letzten Jahren so weit entwickelt, dass man
immer öfter auf Partien trifft, in denen die Neuerung erst nach 20 Zügen
gemacht wird. Es ist einfach für beide Seiten nicht günstig früher von der
Theorie abzuweichen.} (21... Nc4 22. Qb4 (22. Qd3 Nxb2 23. Qa3 Nc4 24. Qd3 Nb2
(24... b5 25. Re7 $3) 25. Qa3 Nc4 26. Qd3 {führt zum Remis.}) 22... Nd6 23. Re2
Nb5 24. Bxa4 Nxd4 25. Nxd4 Bxd4 26. Bb3 {1/2-1/2 Douven,R-Geller,E/Amsterdam
1986/EXT 97 (26)}) 22. bxa3 Qd6 (22... Rxa3 23. Bb3 Nd5 24. Ne5 Qf5 $11) 23. a4
Nd5 24. Bb3 Rd8 25. Ne5 g5 $6 26. h4 Bg7 27. hxg5 hxg5 28. Nf3 f6 29. Re1 Kf8
30. Qd3 Re8 $4 $18 {[%mdl 8192] Marciano ist in dieser Partie von allen guten
Geistern verlassen.} (30... Qd7 $142 $14) 31. Rxe8+ Kxe8 32. Qg6+ {[%cal Yg6g7,
Yg6d6] Jetzt ist sind gleichzeitig zwei Drohungen aufgestellt. Der Läufer auf
g7 ist angegriffen und der Bauer f6 ist gefesselt.} Kf8 33. Nxg5 {[%cal Yg6f7]}
Qe7 34. Nf3 Qa3 35. Bxd5 {Außer dem Mehrbauern hat der Anziehende auch
positionelle Vorteile. Der Springer ist klar besser als der schwarze Läufer
und die Lage des schwarzen Monarchen ist auch kritisch. Es ist kein Wunder,
dass die Partie bald beendet wird.} Qc1+ 36. Kh2 cxd5 37. Qf5 Qc6 38. Ne5 Qc7 (
38... Qxa4 39. Qc8+ Qe8 40. Qc5+ Kg8 41. Qxd5+ $18) 39. g3 Ke7 40. Ng6+ Kd6 41.
Nf4 Qf7 42. Qc8 b6 43. Qa6 Qc7 44. a5 Qc2 45. Qxb6+ Kd7 46. Qe6+ 1-0

[Event "Ordzhonikidze zt 1.9"]
[Site "Ordzhonikidze"]
[Date "2000.06.16"]
[Round "8"]
[White "Ovsejevitsch, Sergei"]
[Black "Malakhatko, Vadim"]
[Result "1-0"]
[WhiteElo "2526"]
[BlackElo "2568"]
[Annotator "Donev,I"]
[PlyCount "71"]
[EventDate "2000.06.09"]
[EventType "swiss"]
[EventRounds "9"]
[EventCountry "UKR"]
[SourceTitle "CBM 078"]
[Source "ChessBase"]
[SourceDate "2000.10.18"]
[SourceVersion "1"]
[SourceVersionDate "2000.10.18"]
[SourceQuality "1"]

1. d4 {Baburin} Nf6 2. Nf3 e6 3. c4 d5 4. Nc3 Be7 5. Bg5 O-O 6. e3 h6 7. Bxf6
Bxf6 8. Qb3 c6 ({Für die Leser die taktische Verwicklungen mögen, empfehle ich
folgende Fortsetzung:} 8... c5 9. cxd5 cxd4 $1 10. Nxd4 exd5 11. Nxd5 (11. Qxd5
Qb6 $1 12. O-O-O Nc6 13. Nxc6 bxc6 $44) 11... Bxd4 12. exd4 Be6 13. Bc4 Nc6 {
/\Na5} 14. Ne3 Nxd4 $15 {Schwarz hat seinen Bauern mit Zinsen zurück bekommen.}
) 9. Rd1 Nd7 10. Bd3 Nb6 {Eine andere Idee, die zum Ausgleich führt, ist Qe7
oder Qb6, um den Vorstoß c6-c5 vorzubereiten.} (10... Qe7 11. O-O dxc4 12. Bxc4
c5 13. Ne4 cxd4 {1/2-1/2 Ftacnik,L-Geller,E/Moscow 1985/MCL (13)}) (10... Qb6
11. Qc2 dxc4 12. Bxc4 c5 13. O-O cxd4 14. exd4 Rd8 15. d5 Nf8 16. Rd2 Bxc3 {
1/2-1/2 Gurevich,M-Magerramov,E/Baku 1986/EXT 97 (16)}) 11. O-O dxc4 12. Bxc4
Nxc4 13. Qxc4 {Auf dem Brett steht eine typische Damengambit Bauernstruktur
mit leichten weißen Raumvorteilen. Auf der anderen Seite hat Schwarz das
Läuferpaar gegenüber dem weißen Springerpaar. Besonders schlecht steht der Bc8.
Momentan sit die Stellung halboffen, aber die weißen Figuren sind besser
platziert. Darum muss der Nachziehende versuchen die Stellung zu öffnen 
(mittels c6-c5 oder e6-e5), um Freiheit für seine Läufer zu bekommen.} a5 $2 (
13... Be7 $142 14. Ne5 Bd7 15. Ne4 Be8 16. a3 Qd5 17. Qc2 Rc8 18. Nc3 Qd8 19.
f4 Rc7 20. Rf2 Qc8 21. Rfd2 f6 22. Ng6 Bxg6 23. Qxg6 Qe8 24. Qe4 Bd6 25. Rc1
Qf7 26. Na4 Rd8 27. Rdc2 Re7 28. h3 Qh5 29. Nc5 Bxc5 30. Rxc5 Rd5 31. b4 Rxc5
32. Rxc5 Qd1+ 33. Kh2 Qb3 34. b5 Qxa3 35. bxc6 bxc6 36. Rxc6 Qb3 37. Qg6 Qb7
38. Rc5 Qd7 39. h4 Rf7 40. Qc2 f5 41. Qa2 Kh7 42. Re5 Rf6 43. Ra5 Rf7 44. Ra6
Re7 45. g3 Qe8 46. Rxa7 Qh5 {1/2-1/2 Goldin,A-Klovans,J/Leningrad 1989/TD (46)}
) 14. Ne5 {'!' Baburin.} Qb6 15. Qe2 Qc7 16. f4 {Baburin: 'In this position
White's cavalry is superior to Black's bishops due to White's space advantage.'
} g6 17. Ne4 Bg7 18. Rc1 Qe7 {'?!' Baburin.} (18... Rd8 $5 {Baburin} 19. Rfd1
Bd7) 19. Rfd1 Rd8 20. Nc5 $16 {Jetzt ist klar, dass Weiß im Mittelspiel seine
Figuren besser koordiniert hat und deutliche oositionelle Vorteile bekommen
hat. Beide weißen Springer unterstützt von den weißen Bauern stehen
ausgezeichnet auf den zentralen Vorposten c5+e5. Auch die weißen Türme stehen
klar besser als die schwarzen. Nachdem der Anziehende das Zentrum voll
kontrolliert, ist es notwendig eine Offensive am Königsflügel zu unternehmen.}
Qc7 21. h4 {'!' Baburin.} b6 {Schwächt den c6-Bauern, aber was kann Schwarz
überhaupt spielen?} (21... h5 $142 {Baburin} 22. g4 hxg4 23. Qxg4) 22. Ncd3 {
[%cal Yc1c6,Ye5c6]} Bb7 23. h5 gxh5 24. Qxh5 {Weiß hat den ersten Teil seines
Planes verwirklicht. Jetzt ist schon der schwarze Königsflügel geschwächt. Es
bleibt nur die weißen Figuren gegen den schwarzen König in Marsch zu setzen.}
Rd5 25. Nf2 {'!' Baburin.} f6 26. e4 Rb5 27. Nfg4 $1 {[%mdl 128] Der
Anziehende setzt alles auf eine Karte - den Angriff gegen den schwarzen
Monarchen.} fxe5 28. dxe5 Kh7 29. Rc3 {[%cal Yc3h3] Der weiße Damenturm wird
mit entscheidender Kraft über die dritte Reihe zum Königsflügel überführt.} Rd8
30. Rxd8 Qxd8 31. Rg3 (31. Nxh6 {Baburin} Bxh6 32. Qf7+ Kh8 33. Rh3 $18) 31...
Qf8 32. Nxh6 $1 $18 {'!' Baburin.} Bxh6 33. Qg6+ Kh8 34. Rh3 Qg7 35. Rxh6+ Kg8
36. Qe8+ {Eine ausgezeichnete Angriffspartie zum Thema: zwei Springer gegen
zwei Läufer.} (36. Qe8+ Qf8 37. Qxe6+ Qf7 38. Rg6+ Kf8 39. Rf6 Qxf6 40. exf6 {
nebst Matt.}) 1-0